000 00460nam a2200157 a 4500
001 000016551
005 20200929164928.0
008 100308s19uu dr c 000 0 spa d
040 _aDO-SdBNP
_bspa
_cBNPHU
082 _axxx
_bM186m
110 1 _aAcademia Dominicana de Medicina
_924000
245 1 0 _aMaestros de la medicina dominicana.
260 _aSanto Domingo :
_bAcademia Dominicana de Medicina,
_c[19--?].
300 _a[48p.] :
_bretrs.
049 _aBNPD
999 _c16084
_d16084